| 000 | 00609nam a2200181Ia 4500 | ||
|---|---|---|---|
| 008 | 100920s9999 xx 000 0 und d | ||
| 082 |
_b2957 _a28 व 570580 थ 85 |
||
| 100 | _aशिरवाडकर वसंत. | ||
| 245 | _aआपले सखेसोबती. | ||
| 260 |
_bपृथ्वी प्रकाशन ,मुंबई. _c1985 |
||
| 300 |
_a72 _bसाधी |
||
| 365 | _b12 | ||
| 520 | _aबा.वि.शाऊ. | ||
| 630 | _aआपले सखेसोबती. | ||
| 650 | _aबा.वि.शाऊ. | ||
| 730 | _aआपले सखेसोबती. | ||
| 942 | _cBOOK | ||
| 999 |
_c673175 _d673172 |
||